000 00642nam a22002297a 4500
001 BD-DhSAU 7729
003 BD-DhSAU
005 20150528123001.0
008 150528b2002 ii a|||| |||| 001 0 eng d
020 _a0540431535
040 _aBD-DhSAU
082 _222
_a571.2028
_bTES
245 _aTesting for genetic manipulation in plants /
_cedited by H. F. Linskens and J. F. Jackson
260 _aNew delhi :
_bCBS publishers ,
_cc2002.
300 _axvii,194 p.:
_bill. ;
_c24 cm.
504 _aIncludes index
590 _aIMRAN
650 _a genetic
700 _aLinskens , H. F.
700 _aJackson, J. F.
942 _2ddc
_cBOOK
999 _c7729
_d7729